| 000 | 00480cam a2200205ua 4500 | ||
|---|---|---|---|
| 001 | 8309 | ||
| 008 | 150128n ii |||gr||||Z||||||asm | ||
| 020 | _a9789381689295 | ||
| 040 | _cMAIN | ||
| 041 | _aasm | ||
| 082 | _a370.15 | ||
| 100 |
_aNeog, M., _eAuthor. |
||
| 245 | 1 |
_aSikshar monobaigyanik vitti _cBy Mukunda Neog |
|
| 250 | _a1st. | ||
| 260 |
_aLakhimpur: _bDutta, _c2012. |
||
| 300 | _a257p. | ||
| 653 | _aEducation | ||
| 653 | _aEducational psychology | ||
| 942 | _cBK | ||
| 999 |
_c7421 _d7421 |
||